000 00446nam a2200157 i 4500
001 55289
003 ES-MaACL
005 20230906163120.0
007 t|
008 030917s1905 be ||||1| fre d
100 1 _aDemoor, Jean.
_943666
245 1 0 _aCours de physiologie générale /
_cpar Jean Demoor.
260 _aBruxelles :
_bH. Lamertin,
_c1905 (
_eGand :
_fImp. Volksdrukkerij)
300 _a223 p. ;
_c19 cm.
852 _aES-MaACL
_jD-630
999 _c55289
_d55289